000 01515cam a2200361 a 4500
005 20260322212049.0
008 data
010 _a 2008003637
020 _a9781572245495 (pbk. : alk. paper)
020 _a1572245492 (pbk. : alk. paper)
040 _aDLC
_cDLC
_dDLC
_dBAKER
_dYDXCP
_dBTCTA
_dVET
_dVP@
_dQBX
_dDLC
050 0 0 _aRA785
_b.D374 2008
082 0 0 _a616.9/8
_222
096 _aQT 265 D374 2008
100 1 _aDavis, Martha,
_d1947-
245 1 4 _aThe relaxation & stress reduction workbook /
_cMartha Davis, Elizabeth Robbins Eshelman & Matthew McKay.
246 3 _aRelaxation and stress reduction workbook
250 _a6th ed.
260 _aOakland, CA :
_bNew Harbinger Publications,
_cc2008.
300 _axv, 371 p. :
_bill. ;
_c26 cm.
440 2 _aA New Harbinger self-help workbook
504 _aIncludes bibliographical references and index.
650 0 _aStress management.
650 0 _aRelaxation.
650 2 _aRelaxation Techniques
_vPopular Works.
650 2 _aStress, Psychological
_xprevention & control
_vPopular Works.
700 1 _aEshelman, Elizabeth Robbins.
700 1 _aMcKay, Matthew.
906 _a7
_bcbc
_corignew
_d1
_eecip
_f20
_gy-gencatlg
925 0 _aacquire
_b2 shelf copies
_xpolicy default
955 _ejb17 2008-01-29 to Dewey
_fld11 2008-07-21 Z-CipVer
_gld11 2008-07-21 to BCCD
001 data
999 _c1160
_d1160